| 000 | 00383nam a22001457a 4500 | ||
|---|---|---|---|
| 003 | SGT | ||
| 020 | _a9781455770809 | ||
| 082 |
_a617.601 _bE13L |
||
| 100 | _a Leslie R. Halpern | ||
| 245 | _aEvidence-Based Women's Oral Health | ||
| 260 |
_a Philadelphia, United States _bHealth Sciences Division _c2013 |
||
| 300 | _a181-382 | ||
| 650 | _aPUBLIC HEALTH DENTISTRY | ||
| 942 |
_2ddc _cBK |
||
| 999 |
_c18095 _d18095 |
||